| 000 | 00907nam a2200337 b 4500 | ||
|---|---|---|---|
| 001 | o00022 | ||
| 003 | DO-SdBNP | ||
| 005 | 20180125130841.0 | ||
| 007 | o00022 | ||
| 008 | 061219s2010 mx | ||| ||spa | ||
| 016 | 7 |
_a _2BPMSU |
|
| 017 |
_a _b |
||
| 020 | _a9789707311169 | ||
| 035 | _a | ||
| 040 |
_aBPMSU _bspa _cBPMSU _e |
||
| 080 | 0 | _a | |
| 082 | 4 |
_aU863.44 _bB462t |
|
| 100 | 1 |
_aBenedetti, Mario, _d1920-2009. |
|
| 245 | 1 | 3 |
_aLa tregua / _h _cMario Benedetti. |
| 260 |
_aMéxico : _bSantillana Ediciones, _c2010. |
||
| 300 |
_a202 p. ; _c20 cm. |
||
| 490 | 1 |
_a Punto de lectura _v11/5 |
|
| 500 | _aReimpresión 2010 | ||
| 650 |
_aNOVELA URUGUAYA _v |
||
| 700 | _a | ||
| 830 | 0 |
_a Punto de lectura _v11/5 |
|
| 910 | _aValidado. Control de calidad MFF | ||
| 942 |
_2ddc _cBK |
||
| 945 | _aInventariado extranjero / 2017 VM | ||
| 956 |
_a VMATEO _b10 _c20160712 _dBPMSU _f00069 |
||
| 999 |
_c10825 _d10825 |
||